[Event "Las Vegas National op"]
[Site "Las Vegas"]
[Date "2025.06.04"]
[Round "1"]
[White "Vidyarthi, Vyom"]
[Black "Takahashi, Michael John"]
[Result "1/2-1/2"]
[WhiteElo "2416"]
[BlackElo "2096"]
[PlyCount "113"]
[EventDate "2025.06.04"]
[EventType "swiss"]
[EventRounds "9"]
[EventCountry "USA"]
[SourceTitle "CB24_2025"]
[SourceDate "2025.06.11"]
[SourceVersion "1"]
[SourceVersionDate "2025.06.11"]
[SourceQuality "1"]

1. Nf3 Nf6 2. c4 e6 3. Nc3 d5 4. e3 Be7 5. b3 0-0 6. Bb2 c5 7. cxd5 exd5 8. d4 Nc6 9. Be2 Ne4 10. dxc5 Bf6 11. Rc1 Be6 12. 0-0 Qa5 13. Nd4 Nxc5 14. Nxc6 bxc6 15. Na4 Bxb2 16. Rxc5 Qb4 17. Rxc6 Bf6 18. Bf3 Rad8 19. Nc5 Qb5 20. Nxe6 Qxc6 21. Nxf8 Kxf8 22. Qd3 g6 23. Rd1 Qc3 24. Bxd5 Qxd3 25. Rxd3 Rc8 26. g3 Ke7 27. Bc4 Be5 28. Rd5 Bd6 29. e4 Rc5 30. Rd4 f6 31. Kg2 g5 32. Kf3 h5 33. Kg2 h4 34. gxh4 gxh4 35. h3 Rg5+ 36. Kf1 Bc5 37. Rd3 Bd6 38. Rf3 Rh5 39. Bd5 Bc5 40. Rf4 Bd4 41. Ke2 Kd6 42. Kd3 Ke5 43. Rf3 f5 44. Bc6 f4 45. b4 Rh6 46. b5 Rg6 47. Rxf4 Kxf4 48. Kxd4 Rd6+ 49. Bd5 Rb6 50. a4 Rb8 51. Kc5 Ke5 52. a5 Rc8+ 53. Bc6 Rf8 54. b6 axb6+ 55. axb6 Rxf2 56. b7 Rf8 57. Bd5 1/2-1/2

[Event "Chesterfield SPICE Cup op 18th"]
[Site "Chesterfield"]
[Date "2024.10.15"]
[Round "5"]
[White "Takahashi, Michael John"]
[Black "Van Meter, Lester"]
[Result "1-0"]
[WhiteElo "2101"]
[BlackElo "1868"]
[PlyCount "73"]
[EventDate "2024.10.13"]
[EventType "swiss"]
[EventRounds "9"]
[EventCountry "USA"]
[SourceTitle "CB43_2024"]
[Source "Chessbase"]
[SourceDate "2024.10.23"]
[SourceVersion "1"]
[SourceVersionDate "2024.10.23"]
[SourceQuality "1"]

1. d4 c5 2. d5 Nf6 3. c4 e6 4. Nc3 exd5 5. cxd5 d6 6. Nf3 g6 7. Bf4 Bg7 8. h3 0-0 9. e3 Nh5 10. Bh2 f5 11. Bd3 f4 12. 0-0 a6 13. Re1 Nd7 14. exf4 Nxf4 15. Bxf4 Rxf4 16. Qd2 Qf8 17. Ne4 Ne5 18. Nxe5 Bxe5 19. Nxc5 Bd4 20. Ne4 Bd7 21. Re2 Re8 22. Rae1 b5 23. Kh1 Re5 24. Bc2 Bxb2 25. Qb4 Bxh3 26. gxh3 Rh5 27. Qxd6 Rxh3+ 28. Kg2 Qxd6 29. Nxd6 Rhh4 30. Re8+ Kg7 31. R1e7+ Kh6 32. Nf7+ Kg7 33. Nd6+ Kh6 34. Re4 Rhg4+ 35. Kf1 Bd4 36. Rxf4 Rxf4 37. Ne4 1-0

[Event "Chicago op 32nd"]
[Site "Chicago"]
[Date "2023.05.28"]
[Round "7"]
[White "Aaron, Deepak"]
[Black "Takahashi, Michael John"]
[Result "1-0"]
[WhiteElo "2248"]
[BlackElo "2051"]
[PlyCount "55"]
[EventDate "2023.05.25"]
[EventType "swiss"]
[EventRounds "9"]
[EventCountry "USA"]
[SourceTitle "CBM 214 Extra"]
[Source "ChessBase"]
[SourceDate "2023.07.31"]
[SourceVersion "1"]
[SourceVersionDate "2023.07.31"]
[SourceQuality "1"]

1. e4 e6 2. d4 d5 3. e5 c5 4. c3 Nc6 5. Nf3 Bd7 6. Bd3 Rc8 7. a3 cxd4 8. 0-0 dxc3 9. Nxc3 a6 10. Re1 Nge7 11. h4 Qc7 12. Bf4 f5 13. Rc1 d4 14. Ne2 Qb6 15. b4 Nd5 16. Bc4 Nce7 17. Nfxd4 g6 18. Bg5 Bg7 19. Bxe7 Nxe7 20. Nf4 Bh6 21. Bxe6 Bxe6 22. Ndxe6 Rxc1 23. Qxc1 Qxe6 24. Nxe6 Bxc1 25. Rxc1 Nc6 26. Nc5 0-0 27. f4 Nd4 28. Rc4 1-0

[Event "Pan American Intercollegiate-chT"]
[Site "Chess.com INT"]
[Date "2021.01.05"]
[Round "6"]
[White "Zilajeva, Veronika"]
[Black "Takahashi, Michael John"]
[Result "1/2-1/2"]
[WhiteElo "1841"]
[BlackElo "2036"]
[PlyCount "134"]
[EventDate "2021.01.04"]
[EventType "team-swiss (rapid)"]
[EventRounds "9"]
[EventCountry "USA"]
[SourceTitle "CBM 200 Extra"]
[Source "ChessBase"]
[SourceDate "2021.03.31"]
[SourceVersion "1"]
[SourceVersionDate "2021.03.31"]
[SourceQuality "1"]
[WhiteTeam "Southern California Univ"]
[BlackTeam "Oberlin"]
[WhiteTeamCountry "USA"]
[BlackTeamCountry "USA"]

1. d4 e6 2. c4 Nf6 3. Nc3 d5 4. Nf3 a6 5. e3 dxc4 6. Bxc4 b5 7. Bd3 Bb7 8. 0-0 Nbd7 9. b3 c5 10. Bb2 Be7 11. Qe2 0-0 12. Rfd1 Qb6 13. Rac1 Rac8 14. dxc5 Nxc5 15. Bb1 b4 16. Na4 Nxa4 17. bxa4 Qa5 18. Bc2 Bc6 19. Ne5 Bxa4 20. Nc4 Bb5 21. Bxf6 Bxc4 22. Bxh7+ Kxh7 23. Qc2+ Kg8 24. Bxe7 Rfe8 25. Bd6 Qxa2 26. Qxa2 Bxa2 27. Bxb4 Bb3 28. Re1 Rb8 29. Ba5 Rb5 30. Ra1 Rc8 31. h3 Rcc5 32. Bd8 Rd5 33. Be7 Rd7 34. Ba3 Rc7 35. Rec1 Rxc1+ 36. Rxc1 a5 37. Kf1 a4 38. Ke1 Bd5 39. f3 Rb3 40. Bc5 a3 41. e4 a2 42. Bd4 Bb7 43. Kd2 Ba6 44. Bc3 Ra3 45. Ra1 Bc4 46. Rc1 Bb3 47. Ba1 Ra8 48. Rc3 Rb8 49. Kc1 e5 50. Kd2 Be6 51. Rc1 Rd8+ 52. Ke3 f6 53. h4 Kf7 54. g3 Rb8 55. Ke2 Rb3 56. Re1 Rb1 57. Kd2 Ke7 58. Rc1 Kd7 59. Kc2 Bb3+ 60. Kd2 Kd6 61. f4 exf4 62. gxf4 Rxc1 63. Kxc1 Kc5 64. Kd2 Kc4 65. e5 fxe5 66. fxe5 Kd5 67. Ke3 g6 1/2-1/2

[Event "World op 48th"]
[Site "ICC INT"]
[Date "2020.08.08"]
[Round "4"]
[White "Ladan, Nicholas John"]
[Black "Takahashi, Michael John"]
[Result "1-0"]
[WhiteElo "1850"]
[BlackElo "2036"]
[PlyCount "65"]
[EventDate "2020.08.07"]
[EventType "swiss"]
[EventRounds "9"]
[EventCountry "USA"]
[SourceTitle "CBM 197 Extra"]
[Source "ChessBase"]
[SourceDate "2020.09.30"]
[SourceVersion "1"]
[SourceVersionDate "2020.09.30"]
[SourceQuality "1"]

1. Nf3 d5 2. g3 Nf6 3. Bg2 c5 4. 0-0 Nc6 5. c4 e5 6. cxd5 Nxd5 7. Qa4 f6 8. Nc3 Be6 9. Qb3 Ncb4 10. a3 Nc7 11. Qa4+ Bd7 12. Qd1 Nc6 13. e3 Bf5 14. d4 exd4 15. exd4 cxd4 16. Re1+ Be7 17. Nh4 Bg6 18. Ne2 Ne6 19. Nf4 Nxf4 20. Bxf4 Qd7 21. b4 0-0 22. Nxg6 hxg6 23. Qb3+ Kh8 24. Bd5 g5 25. Be6 Qe8 26. Bc7 a6 27. Rad1 Qg6 28. g4 Ne5 29. Bxe5 fxe5 30. Rd3 Bf6 31. Rh3+ Qh6 32. Rxh6+ gxh6 33. Bf5 1-0

[Event "Iowa City ch-IA"]
[Site "Iowa"]
[Date "2019.04.07"]
[Round "5"]
[White "Noble, Cub"]
[Black "Takahashi, Michael John"]
[Result "1/2-1/2"]
[WhiteElo "1888"]
[BlackElo "2005"]
[PlyCount "65"]
[EventDate "2019.04.06"]
[EventType "tourn"]
[EventRounds "5"]
[EventCountry "USA"]
[SourceTitle "EXT 2020"]
[Source "ChessBase"]
[SourceDate "2019.10.17"]
[SourceVersion "1"]
[SourceVersionDate "2019.10.17"]
[SourceQuality "1"]

1. e4 e6 2. d4 d5 3. Nc3 Bb4 4. e5 c5 5. a3 Bxc3+ 6. bxc3 Qa5 7. Bd2 Qa4 8. Qg4 Kf8 9. Qd1 b6 10. h4 Ne7 11. h5 h6 12. Rh4 Ba6 13. Bxa6 Qxa6 14. Qf3 Qc8 15. Rf4 Qe8 16. Ne2 Nd7 17. c4 Rc8 18. Qb3 dxc4 19. Qxc4 Nd5 20. Rf3 Kg8 21. Kf1 Ne7 22. Qd3 cxd4 23. Bf4 Nc6 24. Rg3 Qe7 25. Nxd4 Ncxe5 26. Qe4 Qc5 27. Re1 Qc4+ 28. Kg1 Rc5 29. Qa8+ Rc8 30. Qe4 Rc5 31. Qa8+ Rc8 32. Qe4 Rc5 33. Qa8+ 1/2-1/2

[Event "Iowa City ch-IA"]
[Site "Iowa"]
[Date "2019.04.06"]
[Round "2"]
[White "Takahashi, Michael John"]
[Black "Kosokin, Valeriy"]
[Result "0-1"]
[WhiteElo "2005"]
[BlackElo "2142"]
[PlyCount "82"]
[EventDate "2019.04.06"]
[EventType "tourn"]
[EventRounds "5"]
[EventCountry "USA"]
[SourceTitle "EXT 2020"]
[Source "ChessBase"]
[SourceDate "2019.10.17"]
[SourceVersion "1"]
[SourceVersionDate "2019.10.17"]
[SourceQuality "1"]

1. e4 c5 2. Nf3 d6 3. d4 cxd4 4. Nxd4 Nf6 5. Nc3 a6 6. g3 g6 7. Bg2 Bg7 8. 0-0 0-0 9. h3 Nc6 10. Nde2 Rb8 11. a4 b5 12. Be3 e6 13. axb5 axb5 14. e5 Nxe5 15. Ba7 Rb7 16. Bxb7 Bxb7 17. Nd4 b4 18. Ncb5 Nd5 19. Qe2 Qd7 20. f3 Ra8 21. c4 bxc3 22. Nxc3 Nxc3 23. bxc3 Bxf3 24. Nxf3 Rxa7 25. Nxe5 Bxe5 26. Qe3 Rc7 27. Rfc1 Qc8 28. Ra3 Kg7 29. Qd3 Rc4 30. Rb3 d5 31. Qf3 Qc7 32. Kg2 h5 33. Qf2 Re4 34. Rf1 Rc4 35. Rc1 Qc6 36. Qf3 h4 37. Rf1 Qc7 38. gxh4 Rxh4 39. Qe2 Rc4 40. Qe3 Re4 41. Qf3 Rf4 0-1

[Event "Port of Burlington op"]
[Site "Burlington"]
[Date "2019.02.02"]
[Round "3"]
[White "Kosokin, Valeriy"]
[Black "Takahashi, Michael John"]
[Result "1/2-1/2"]
[WhiteElo "2151"]
[BlackElo "1970"]
[PlyCount "46"]
[EventDate "2019.02.02"]
[EventType "swiss"]
[EventRounds "5"]
[EventCountry "USA"]
[SourceTitle "EXT 2020"]
[Source "ChessBase"]
[SourceDate "2019.10.17"]
[SourceVersion "1"]
[SourceVersionDate "2019.10.17"]
[SourceQuality "1"]

1. e4 e6 2. d4 d5 3. exd5 exd5 4. Bd3 Nc6 5. Nf3 Bd6 6. c3 Nge7 7. 0-0 Bf5 8. Re1 Qd7 9. Bg5 f6 10. Bxf5 Qxf5 11. Bh4 0-0 12. Bg3 Bxg3 13. hxg3 Ng6 14. Nbd2 Rfe8 15. Qb3 Rxe1+ 16. Rxe1 Rb8 17. Nf1 Qd7 18. Ne3 Nce7 19. c4 c6 20. cxd5 Nxd5 21. Nxd5 Qxd5 22. Qxd5+ cxd5 23. Rc1 Ne7 1/2-1/2